Sports Quiz

Random Sports or Football Quiz

World Cup Golden Boot Slideshow Quiz Stats

Quiz not verified by Sporcle

Challenge
Share
Tweet
Score 0/13 Timer 03:00
0 Plays Today
% Correct
Ronaldo (Brazil)
100%
Muller (Germany)
97.8%
Klose (Germany)
97.8%
Rodriguez (Colombia)
88.6%
Eusebio (Portugal)
73.3%
Lineker (England)
72.6%
Rossi (Italy)
67.4%
Suker (Croatia)
65.9%
Stoichkov (Bulgaria)
63.7%
Muller (West Germany)
63.7%
Kempes (Argentina)
58.5%
Schillaci (Italy)
40.7%
Lato (Poland)
37%

You're not logged in!

Compare scores with friends on all Sporcle quizzes.
Sign Up with Email
OR
Log In

You Might Also Like...

Show Comments

Extras

Top Quizzes Today


Score Distribution

Your Account Isn't Verified!

In order to create a playlist on Sporcle, you need to verify the email address you used during registration. Go to your Sporcle Settings to finish the process.

Report this User

Report this user for behavior that violates our Community Guidelines.

Details: